000
00478nam a2200145Ia 4500
008
100204s9999 xx 000 0 und d
082
_b
10356
100
_a
थोरे अशोक श्रीधर
245
_a
पाताळयंत्री
260
_b
"मधुर पब्लिकेशन , पुणे 2"
_c
1988
300
_a
176
630
_a
पाताळयंत्री
730
_a
पाताळयंत्री
942
_c
BOOK
999
_c
454792
_d
454789